| 000 | 00608nam a2200217Ia 4500 | ||
|---|---|---|---|
| 003 | OSt | ||
| 005 | 20240610112340.0 | ||
| 008 | 210210b1953 xxu||||| |||| 00| 0 eng d | ||
| 040 | _cAL | ||
| 041 | _aHindi | ||
| 082 | _a862/128 | ||
| 100 |
_aVARMA (Mahadevi) _d महादेवी वर्मा _9169836 |
||
| 245 |
_aAtheeth ke chalchitra _bअतीत के चलचित्र |
||
| 260 |
_aIllAhAbAd _bBharati Bhandar _c1953 |
||
| 650 |
_ake _9169837 |
||
| 650 |
_achalchitra _9169838 |
||
| 650 |
_aAtheeth _9169839 |
||
| 690 |
_aHindi Prose _9169840 |
||
| 906 | _a023371 | ||
| 942 |
_2ddc _cBK |
||
| 999 |
_c148338 _d148338 |
||